Historische Trikots - Bundesligisten - Statistiken

Allgemein
  • Dieses Quiz wurde 59 mal gespielt
  • Das Durchschnittsergebnis liegt bei 10 aus 17
Antwortstatistiken
Bildquiz Antwort % Korrekt
Werder Bremen
98%
Borussia Mönchengladbach
97%
VfB Stuttgart
97%
Borussia Dortmund
91%
Bayern München
84%
VfL Wolfsburg
74%
FC Augsburg
72%
FC St. Pauli
67%
Bayer 04 Leverkusen
50%
Hamburger SV
41%
1. FSV Mainz 05
40%
1. FC Köln
38%
SC Freiburg
38%
Union Berlin
38%
1. FC Heidenheim
33%
Eintracht Frankfurt
33%
TSG 1899 Hoffenheim
33%
Keine übereinstimmenden Quizze gefunden
Verteilung der Resultate
Anzahl Personen mit jedem Resultat
Perzentil nach korrekt beantworteten Fragen
Ihre Resultats-Entwicklung
Sie haben dieses Quiz noch nicht gespielt